[Event "DEM U12w 2023"]
[Site "Willingen GER"]
[Date "2023.05.30"]
[Round "4"]
[White "Stiehler, Mara"]
[Black "John, Linnea"]
[Result "1-0"]
[Termination "normal"]
[Board "4"]
[WhiteElo "1227"]
[BlackElo "1396"]
[WhiteClock "00:40:20"]
[BlackClock "00:16:19"]
[PlyCount "125"]
[WhiteFideId "34621199"]
[BlackFideId "34623680"]
[EventCountry "GER"]
[EventRounds "9"]
[EventType "swiss"]
[EventDate "2023.05.27"]

1. e4 {[%clk 01:30:58]} {[%emt 00:00:01]} c5 {[%clk 01:30:53]} {[%emt
00:00:07]} 2. Nc3 {[%clk 01:31:24]} {[%emt 00:00:05]} Nc6 {[%clk 01:31:15]}
{[%emt 00:00:08]} 3. Bb5 {[%clk 01:31:47]} {[%emt 00:00:06]} e6 {[%clk
01:31:29]} {[%emt 00:00:17]} 4. Bxc6 {[%clk 01:32:11]} {[%emt 00:00:06]} bxc6
{[%clk 01:31:46]} {[%emt 00:00:13]} 5. d3 {[%clk 01:32:31]} {[%emt 00:00:10]}
d5 {[%clk 01:30:25]} {[%emt 00:01:50]} 6. e5 {[%clk 01:29:27]} {[%emt
00:03:34]} g6 {[%clk 01:30:23]} {[%emt 00:00:32]} 7. f4 {[%clk 01:27:38]}
{[%emt 00:02:19]} Ne7 {[%clk 01:29:54]} {[%emt 00:01:00]} 8. Nf3 {[%clk
01:26:51]} {[%emt 00:01:17]} Nf5 {[%clk 01:29:00]} {[%emt 00:01:24]} 9. O-O
{[%clk 01:25:44]} {[%emt 00:01:37]} Bg7 {[%clk 01:28:03]} {[%emt 00:01:27]} 10.
Qe1 {[%clk 01:24:57]} {[%emt 00:01:17]} O-O {[%clk 01:20:04]} {[%emt 00:08:29]}
11. Ne2 {[%clk 01:21:22]} {[%emt 00:04:04]} Qb6 {[%clk 01:17:31]} {[%emt
00:03:04]} 12. Kh1 {[%clk 01:18:04]} {[%emt 00:03:48]} Ba6 {[%clk 01:13:59]}
{[%emt 00:04:02]} 13. Ng3 {[%clk 01:11:55]} {[%emt 00:06:38]} c4 {[%clk
01:07:13]} {[%emt 00:07:17]} 14. Nxf5 {[%clk 01:09:00]} {[%emt 00:03:25]} exf5
{[%clk 01:07:27]} {[%emt 00:00:16]} 15. dxc4 {[%clk 01:05:00]} {[%emt
00:04:30]} Bxc4 {[%clk 01:07:26]} {[%emt 00:00:30]} 16. Rg1 {[%clk 01:04:18]}
{[%emt 00:01:12]} d4 {[%clk 01:03:35]} {[%emt 00:04:22]} 17. b3 {[%clk
01:01:30]} {[%emt 00:03:17]} Bd5 {[%clk 01:02:08]} {[%emt 00:01:58]} 18. Ba3
{[%clk 00:57:05]} {[%emt 00:04:55]} Rfe8 {[%clk 00:59:37]} {[%emt 00:03:01]}
19. Qf2 {[%clk 00:54:50]} {[%emt 00:02:44]} c5 {[%clk 00:50:10]} {[%emt
00:09:57]} 20. Rgd1 {[%clk 00:52:03]} {[%emt 00:03:18]} Qa5 {[%clk 00:45:21]}
{[%emt 00:05:19]} 21. Bb2 {[%clk 00:50:43]} {[%emt 00:01:50]} Rab8 {[%clk
00:45:13]} {[%emt 00:00:38]} 22. c3 {[%clk 00:48:24]} {[%emt 00:02:48]} Bxf3
{[%clk 00:35:01]} {[%emt 00:10:43]} 23. Qxf3 {[%clk 00:48:35]} {[%emt
00:00:19]} dxc3 {[%clk 00:34:27]} {[%emt 00:01:04]} 24. Bxc3 {[%clk 00:48:10]}
{[%emt 00:00:55]} Qb5 {[%clk 00:34:30]} {[%emt 00:00:27]} 25. Rd5 {[%clk
00:45:38]} {[%emt 00:03:01]} Rbd8 {[%clk 00:30:44]} {[%emt 00:04:17]} 26. Rad1
{[%clk 00:44:29]} {[%emt 00:01:38]} Rxd5 {[%clk 00:28:46]} {[%emt 00:02:28]}
27. Qxd5 {[%clk 00:43:22]} {[%emt 00:01:37]} Qe2 {[%clk 00:23:58]} {[%emt
00:05:18]} 28. a4 {[%clk 00:37:38]} {[%emt 00:06:13]} Qc2 {[%clk 00:22:07]}
{[%emt 00:02:23]} 29. Ba5 {[%clk 00:33:41]} {[%emt 00:04:27]} Rb8 {[%clk
00:19:18]} {[%emt 00:03:19]} 30. e6 {[%clk 00:25:39]} {[%emt 00:08:30]} fxe6
{[%clk 00:10:29]} {[%emt 00:09:20]} 31. Qxe6+ {[%clk 00:25:55]} {[%emt
00:00:14]} Kh8 {[%clk 00:07:30]} {[%emt 00:03:30]} 32. Re1 {[%clk 00:23:51]}
{[%emt 00:02:34]} Qxb3 {[%clk 00:06:26]} {[%emt 00:01:34]} 33. Qxb3 {[%clk
00:24:06]} {[%emt 00:00:15]} Rxb3 {[%clk 00:06:45]} {[%emt 00:00:11]} 34. Re8+
{[%clk 00:24:25]} {[%emt 00:00:11]} Bf8 {[%clk 00:07:07]} {[%emt 00:00:08]} 35.
Rxf8+ {[%clk 00:24:46]} {[%emt 00:00:08]} Kg7 {[%clk 00:07:22]} {[%emt
00:00:16]} 36. Re8 {[%clk 00:25:07]} {[%emt 00:00:09]} Ra3 {[%clk 00:06:30]}
{[%emt 00:01:22]} 37. Kg1 {[%clk 00:22:58]} {[%emt 00:02:38]} Rxa4 {[%clk
00:06:18]} {[%emt 00:00:42]} 38. Re7+ {[%clk 00:22:21]} {[%emt 00:01:06]} Kf6
{[%clk 00:05:00]} {[%emt 00:01:49]} 39. Rxa7 {[%clk 00:22:10]} {[%emt
00:00:41]} Ke6 {[%clk 00:05:05]} {[%emt 00:00:25]} 40. Bb6 {[%clk 00:21:31]}
{[%emt 00:01:09]} Rxa7 {[%clk 00:05:12]} {[%emt 00:00:23]} 41. Bxa7 {[%clk
00:21:44]} {[%emt 00:00:18]} Kd5 {[%clk 00:04:42]} {[%emt 00:00:59]} 42. Bb8
{[%clk 00:20:11]} {[%emt 00:02:03]} Ke4 {[%clk 00:03:50]} {[%emt 00:01:23]} 43.
Kf2 {[%clk 00:19:52]} {[%emt 00:00:48]} Kd4 {[%clk 00:01:54]} {[%emt 00:02:26]}
44. Kg3 {[%clk 00:17:10]} {[%emt 00:03:11]} Kd3 {[%emt 00:06:15]} 45. Kh4
{[%emt 00:01:47]} c4 {[%clk 00:26:40]} {[%emt 00:03:57]} 46. Be5 h6 {[%clk
00:21:43]} {[%emt 00:04:23]} 47. g4 c3 {[%clk 00:20:27]} {[%emt 00:07:29]} 48.
gxf5 {[%clk 00:37:40]} c2 {[%clk 00:19:36]} {[%emt 00:02:30]} 49. Bb2 {[%clk
00:37:24]} gxf5 {[%emt 00:02:35]} 50. Kh5 {[%emt 00:04:13]} Ke3 {[%clk
00:15:00]} {[%emt 00:00:02]} 51. Bc1+ {[%clk 00:37:21]} {[%emt 00:00:33]} Kf3
{[%clk 00:14:31]} {[%emt 00:00:59]} 52. Kxh6 {[%clk 00:37:25]} {[%emt
00:00:26]} Kg2 {[%clk 00:12:52]} {[%emt 00:02:08]} 53. h4 {[%clk 00:37:07]}
{[%emt 00:00:48]} Kg3 {[%clk 00:13:00]} {[%emt 00:00:24]} 54. Kg5 {[%clk
00:37:28]} {[%emt 00:00:08]} Kh3 {[%clk 00:13:22]} {[%emt 00:00:08]} 55. h5
{[%clk 00:37:52]} {[%emt 00:00:05]} Kg3 {[%clk 00:13:37]} {[%emt 00:00:16]} 56.
h6 {[%clk 00:38:17]} {[%emt 00:00:06]} Kf3 {[%clk 00:14:02]} {[%emt 00:00:05]}
57. h7 {[%clk 00:38:40]} {[%emt 00:00:06]} Ke2 {[%clk 00:14:26]} {[%emt
00:00:07]} 58. h8=Q {[%clk 00:38:59]} {[%emt 00:00:09]} Kd1 {[%clk 00:14:50]}
{[%emt 00:00:06]} 59. Qb2 {[%clk 00:39:14]} {[%emt 00:00:16]} Ke1 {[%clk
00:15:12]} {[%emt 00:00:09]} 60. Qxc2 {[%clk 00:39:33]} {[%emt 00:00:10]} Kf1
{[%clk 00:15:35]} {[%emt 00:00:07]} 61. Kh4 {[%clk 00:39:56]} {[%emt 00:00:07]}
Kg1 {[%clk 00:15:58]} {[%emt 00:00:08]} 62. Kg3 {[%clk 00:40:20]} {[%emt
00:00:05]} Kh1 {[%clk 00:16:19]} {[%emt 00:00:09]} 63. Qd1# {[%emt 00:00:06]}
1-0

[Event "DEM U12w 2023"]
[Site "Willingen GER"]
[Date "2023.05.30"]
[Round "4"]
[White "Rafikova, Ailin"]
[Black "Ali, Maha"]
[Result "1-0"]
[Termination "normal"]
[Board "5"]
[WhiteElo "1238"]
[BlackElo "1403"]
[WhiteClock "00:00:53"]
[BlackClock "00:07:00"]
[PlyCount "55"]
[WhiteFideId "34612173"]
[BlackFideId "34626581"]
[EventCountry "GER"]
[EventRounds "9"]
[EventType "swiss"]
[EventDate "2023.05.27"]

1. e4 {[%clk 01:30:46]} {[%emt 00:00:13]} c6 {[%clk 01:30:55]} {[%emt
00:00:05]} 2. d4 {[%clk 01:30:48]} {[%emt 00:00:28]} d5 {[%clk 01:31:03]}
{[%emt 00:00:22]} 3. Nd2 {[%clk 01:30:28]} {[%emt 00:00:49]} dxe4 {[%clk
01:31:21]} {[%emt 00:00:13]} 4. Nxe4 {[%clk 01:30:17]} {[%emt 00:00:41]} Nf6
{[%clk 01:30:52]} {[%emt 00:00:58]} 5. Nxf6+ {[%clk 01:29:52]} {[%emt
00:00:56]} exf6 {[%clk 01:31:08]} {[%emt 00:00:14]} 6. c3 {[%clk 01:29:15]}
{[%emt 00:01:07]} Bd6 {[%clk 01:30:19]} {[%emt 00:01:19]} 7. Bd3 {[%clk
01:27:15]} {[%emt 00:02:30]} Nd7 {[%clk 01:28:50]} {[%emt 00:01:59]} 8. Qc2
{[%clk 01:24:57]} {[%emt 00:02:48]} h6 {[%clk 01:25:10]} {[%emt 00:04:10]} 9.
Ne2 {[%clk 01:22:16]} {[%emt 00:03:11]} O-O {[%clk 01:22:38]} {[%emt 00:03:01]}
10. Bf4 {[%clk 01:17:06]} {[%emt 00:05:41]} Qc7 {[%clk 01:18:28]} {[%emt
00:04:39]} 11. Qd2 {[%clk 01:09:11]} {[%emt 00:08:26]} Re8 {[%clk 01:13:55]}
{[%emt 00:05:02]} 12. Bxd6 {[%clk 01:05:23]} {[%emt 00:04:18]} Qxd6 {[%clk
01:12:48]} {[%emt 00:01:37]} 13. O-O-O {[%clk 01:02:18]} {[%emt 00:03:36]} Qd5
{[%clk 01:07:51]} {[%emt 00:05:27]} 14. Kb1 {[%clk 00:56:55]} {[%emt 00:05:54]}
Qxg2 {[%clk 01:02:47]} {[%emt 00:05:33]} 15. Nf4 {[%clk 00:50:38]} {[%emt
00:06:47]} Qg5 {[%clk 00:58:51]} {[%emt 00:04:23]} 16. Rhg1 {[%clk 00:44:45]}
{[%emt 00:06:26]} Qa5 {[%clk 00:54:30]} {[%emt 00:04:51]} 17. Rde1 {[%clk
00:36:56]} {[%emt 00:08:20]} Rd8 {[%clk 00:47:56]} {[%emt 00:06:58]} 18. Rg3
{[%clk 00:32:11]} {[%emt 00:05:20]} Nf8 {[%clk 00:40:27]} {[%emt 00:07:59]} 19.
Reg1 {[%clk 00:28:08]} {[%emt 00:04:33]} Ng6 {[%clk 00:30:00]} {[%emt
00:10:57]} 20. Nxg6 {[%clk 00:22:41]} {[%emt 00:05:57]} fxg6 {[%clk 00:27:26]}
{[%emt 00:03:03]} 21. Rxg6 {[%clk 00:20:48]} {[%emt 00:02:23]} Be6 {[%clk
00:19:44]} {[%emt 00:08:12]} 22. Rxg7+ {[%clk 00:10:12]} {[%emt 00:11:06]} Kf8
{[%clk 00:19:18]} {[%emt 00:00:56]} 23. Qxh6 {[%clk 00:05:51]} {[%emt
00:04:52]} Qxa2+ {[%clk 00:11:39]} {[%emt 00:08:09]} 24. Kc1 {[%clk 00:05:30]}
{[%emt 00:00:52]} Ke8 {[%clk 00:09:53]} {[%emt 00:02:14]} 25. Qg6+ {[%clk
00:02:42]} {[%emt 00:03:18]} Bf7 {[%clk 00:07:21]} {[%emt 00:03:02]} 26. Re1+
{[%clk 00:00:59]} {[%emt 00:02:13]} Kf8 {[%clk 00:07:24]} {[%emt 00:00:28]} 27.
Qh6 {[%clk 00:00:50]} {[%emt 00:00:40]} Qa1+ {[%clk 00:07:00]} {[%emt
00:00:53]} 28. Bb1 {[%clk 00:00:53]} {[%emt 00:00:27]} 1-0

[Event "DEM U12w 2023"]
[Site "Willingen GER"]
[Date "2023.05.30"]
[Round "4"]
[White "Fruth, Julia"]
[Black "Mehner, Clara"]
[Result "1/2-1/2"]
[Termination "normal"]
[Board "6"]
[WhiteElo "1187"]
[BlackElo "1250"]
[WhiteClock "00:33:12"]
[BlackClock "00:03:16"]
[PlyCount "68"]
[WhiteFideId "34603050"]
[BlackFideId "34612165"]
[EventCountry "GER"]
[EventRounds "9"]
[EventType "swiss"]
[EventDate "2023.05.27"]

1. e4 {[%clk 01:30:58]} {[%emt 00:00:01]} e6 {[%clk 01:30:55]} {[%emt
00:00:06]} 2. d4 {[%clk 01:31:18]} {[%emt 00:00:10]} d5 {[%clk 01:31:18]}
{[%emt 00:00:07]} 3. Nc3 {[%clk 01:31:30]} {[%emt 00:00:18]} Nf6 {[%clk
01:31:06]} {[%emt 00:00:41]} 4. Bg5 {[%clk 01:31:47]} {[%emt 00:00:14]} Be7
{[%clk 01:30:22]} {[%emt 00:01:15]} 5. e5 {[%clk 01:31:59]} {[%emt 00:00:17]}
Nfd7 {[%clk 01:30:04]} {[%emt 00:00:47]} 6. h4 {[%clk 01:32:14]} {[%emt
00:00:15]} c5 {[%clk 01:22:22]} {[%emt 00:08:13]} 7. Nb5 {[%clk 01:30:43]}
{[%emt 00:02:00]} Nc6 {[%clk 01:03:25]} {[%emt 00:19:28]} 8. Nd6+ {[%clk
01:23:57]} {[%emt 00:07:15]} Kf8 {[%clk 01:00:30]} {[%emt 00:03:26]} 9. c3
{[%clk 01:16:38]} {[%emt 00:07:49]} h6 {[%clk 00:55:58]} {[%emt 00:05:02]} 10.
Be3 {[%clk 01:14:02]} {[%emt 00:02:56]} cxd4 {[%clk 00:48:35]} {[%emt
00:08:02]} 11. cxd4 {[%clk 01:13:49]} {[%emt 00:00:44]} Bxd6 {[%clk 00:46:37]}
{[%emt 00:02:28]} 12. exd6 {[%clk 01:13:55]} {[%emt 00:00:24]} Nf6 {[%clk
00:46:04]} {[%emt 00:01:03]} 13. Qc2 {[%clk 01:12:30]} {[%emt 00:01:53]} Qxd6
{[%clk 00:40:50]} {[%emt 00:05:46]} 14. O-O-O {[%clk 01:11:02]} {[%emt
00:01:56]} Bd7 {[%clk 00:37:53]} {[%emt 00:03:28]} 15. Kb1 {[%clk 01:10:13]}
{[%emt 00:01:20]} Rc8 {[%clk 00:34:40]} {[%emt 00:03:42]} 16. Qd2 {[%clk
01:08:07]} {[%emt 00:02:31]} Ne4 {[%clk 00:31:15]} {[%emt 00:04:00]} 17. Qe2
{[%clk 01:06:45]} {[%emt 00:01:48]} Qb4 {[%clk 00:29:45]} {[%emt 00:02:05]} 18.
Qe1 {[%clk 01:02:35]} {[%emt 00:04:38]} Qb6 {[%clk 00:27:29]} {[%emt 00:02:47]}
19. f3 {[%clk 01:02:11]} {[%emt 00:00:53]} Nd6 {[%clk 00:26:54]} {[%emt
00:01:07]} 20. g4 {[%clk 01:00:17]} {[%emt 00:02:24]} Na5 {[%clk 00:24:14]}
{[%emt 00:03:10]} 21. Rc1 {[%clk 00:56:59]} {[%emt 00:03:47]} Ndc4 {[%clk
00:22:09]} {[%emt 00:02:36]} 22. Bxc4 {[%clk 00:56:26]} {[%emt 00:01:02]} Nxc4
{[%clk 00:20:38]} {[%emt 00:02:02]} 23. Rh2 {[%clk 00:56:08]} {[%emt 00:00:48]}
a5 {[%clk 00:18:10]} {[%emt 00:02:58]} 24. Ka1 {[%clk 00:53:16]} {[%emt
00:03:22]} a4 {[%clk 00:16:22]} {[%emt 00:02:18]} 25. Rb1 {[%clk 00:52:51]}
{[%emt 00:00:54]} Qd6 {[%clk 00:13:45]} {[%emt 00:03:07]} 26. Rc2 {[%clk
00:50:42]} {[%emt 00:02:30]} b5 {[%clk 00:13:06]} {[%emt 00:01:19]} 27. Bd2
{[%clk 00:49:33]} {[%emt 00:01:37]} Qb6 {[%clk 00:12:05]} {[%emt 00:01:33]} 28.
Ne2 {[%clk 00:46:24]} {[%emt 00:03:36]} Rb8 {[%clk 00:06:24]} {[%emt 00:06:14]}
29. a3 {[%clk 00:44:47]} {[%emt 00:02:06]} Kg8 {[%clk 00:05:43]} {[%emt
00:01:11]} 30. Bb4 {[%clk 00:43:55]} {[%emt 00:01:22]} Kh7 {[%clk 00:05:07]}
{[%emt 00:01:07]} 31. Bc5 {[%clk 00:37:54]} {[%emt 00:06:30]} Qa6 {[%clk
00:04:25]} {[%emt 00:01:13]} 32. Ka2 {[%clk 00:35:57]} {[%emt 00:02:25]} Rhc8
{[%clk 00:03:58]} {[%emt 00:00:59]} 33. Ka1 {[%clk 00:33:59]} {[%emt 00:02:28]}
Na5 {[%clk 00:03:16]} {[%emt 00:01:11]} 34. Nc1 {[%clk 00:33:12]} {[%emt
00:01:17]} Nc4 {[%emt 00:01:48]} 1/2-1/2

[Event "DEM U12w 2023"]
[Site "Willingen GER"]
[Date "2023.05.30"]
[Round "4"]
[White "Xiao, Yiyi"]
[Black "Komar, Valerie"]
[Result "1-0"]
[Termination "normal"]
[Board "7"]
[WhiteElo "1267"]
[BlackElo "1379"]
[WhiteClock "01:42:26"]
[BlackClock "00:21:29"]
[PlyCount "153"]
[WhiteFideId "34605665"]
[BlackFideId "34139664"]
[EventCountry "GER"]
[EventRounds "9"]
[EventType "swiss"]
[EventDate "2023.05.27"]

1. e4 {[%clk 01:30:57]} {[%emt 00:00:01]} e5 {[%clk 01:30:57]} {[%emt
00:00:03]} 2. Nf3 {[%clk 01:31:21]} {[%emt 00:00:06]} Nf6 {[%clk 01:31:24]}
{[%emt 00:00:04]} 3. Nxe5 {[%clk 01:31:40]} {[%emt 00:00:11]} d6 {[%clk
01:31:50]} {[%emt 00:00:03]} 4. Nf3 {[%clk 01:32:03]} {[%emt 00:00:07]} Nxe4
{[%clk 01:32:14]} {[%emt 00:00:07]} 5. Nc3 {[%clk 01:32:29]} {[%emt 00:00:05]}
Nxc3 {[%clk 01:32:36]} {[%emt 00:00:08]} 6. dxc3 {[%clk 01:32:54]} {[%emt
00:00:04]} Be7 {[%clk 01:32:59]} {[%emt 00:00:07]} 7. Be3 {[%clk 01:33:14]}
{[%emt 00:00:10]} O-O {[%clk 01:33:20]} {[%emt 00:00:08]} 8. Qd2 {[%clk
01:33:31]} {[%emt 00:00:14]} Nc6 {[%clk 01:33:44]} {[%emt 00:00:06]} 9. O-O-O
{[%clk 01:33:46]} {[%emt 00:00:15]} Be6 {[%clk 01:34:08]} {[%emt 00:00:06]} 10.
Bd3 {[%clk 01:34:04]} {[%emt 00:00:12]} Qd7 {[%clk 01:33:00]} {[%emt 00:01:37]}
11. h4 {[%clk 01:31:34]} {[%emt 00:03:01]} Bf6 {[%clk 01:26:47]} {[%emt
00:06:35]} 12. Ng5 {[%clk 01:24:20]} {[%emt 00:07:52]} g6 {[%clk 01:20:40]}
{[%emt 00:06:23]} 13. Ne4 {[%clk 01:23:24]} {[%emt 00:01:40]} Bg7 {[%clk
01:16:03]} {[%emt 00:05:03]} 14. Bh6 {[%clk 01:23:24]} {[%emt 00:00:33]} Bxh6
{[%clk 01:11:56]} {[%emt 00:04:36]} 15. Qxh6 {[%clk 01:23:29]} {[%emt
00:00:27]} f5 {[%clk 01:11:24]} {[%emt 00:00:57]} 16. Ng5 {[%clk 01:23:41]}
{[%emt 00:00:23]} Ne5 {[%clk 01:07:13]} {[%emt 00:04:38]} 17. f3 {[%clk
01:22:07]} {[%emt 00:02:07]} Rf6 {[%clk 00:55:14]} {[%emt 00:12:23]} 18. Rhe1
{[%clk 01:20:57]} {[%emt 00:01:45]} a6 {[%clk 00:48:40]} {[%emt 00:07:01]} 19.
Rxe5 {[%clk 01:16:35]} {[%emt 00:04:55]} dxe5 {[%clk 00:42:38]} {[%emt
00:06:32]} 20. Bxf5 {[%clk 01:16:42]} {[%emt 00:00:23]} Qe7 {[%clk 00:42:54]}
{[%emt 00:00:11]} 21. Bxe6+ {[%clk 01:16:48]} {[%emt 00:00:28]} Rxe6 {[%clk
00:43:09]} {[%emt 00:00:14]} 22. Nxe6 {[%clk 01:17:03]} {[%emt 00:00:15]} Qxe6
{[%clk 00:43:33]} {[%emt 00:00:06]} 23. b3 {[%clk 01:16:56]} {[%emt 00:00:38]}
Qe7 {[%clk 00:40:12]} {[%emt 00:03:49]} 24. Kb2 {[%clk 01:17:12]} {[%emt
00:00:15]} c5 {[%clk 00:29:14]} {[%emt 00:11:28]} 25. Qe3 {[%clk 01:17:15]}
{[%emt 00:00:26]} Re8 {[%clk 00:28:23]} {[%emt 00:01:20]} 26. Rd5 {[%clk
01:17:08]} {[%emt 00:00:40]} b6 {[%clk 00:28:38]} {[%emt 00:00:15]} 27. Qd3
{[%clk 01:16:58]} {[%emt 00:00:38]} a5 {[%clk 00:27:43]} {[%emt 00:01:27]} 28.
Qc4 {[%clk 01:16:56]} {[%emt 00:00:31]} Kh8 {[%clk 00:27:48]} {[%emt 00:00:25]}
29. Qb5 {[%clk 01:16:40]} {[%emt 00:00:46]} Qe6 {[%clk 00:18:27]} {[%emt
00:09:50]} 30. Rd6 {[%clk 01:14:54]} {[%emt 00:02:18]} Qxd6 {[%clk 00:18:04]}
{[%emt 00:00:53]} 31. Qxe8+ {[%clk 01:15:15]} {[%emt 00:00:08]} Kg7 {[%clk
00:17:46]} {[%emt 00:00:46]} 32. g4 {[%clk 01:15:28]} {[%emt 00:00:19]} Qf6
{[%clk 00:17:11]} {[%emt 00:00:59]} 33. h5 {[%clk 01:14:17]} {[%emt 00:01:48]}
Qd6 {[%clk 00:16:00]} {[%emt 00:01:36]} 34. g5 {[%clk 01:13:40]} {[%emt
00:01:11]} gxh5 {[%clk 00:15:56]} {[%emt 00:00:35]} 35. Qxh5 {[%clk 01:13:55]}
{[%emt 00:00:14]} Qg6 {[%clk 00:15:50]} {[%emt 00:00:31]} 36. Qg4 {[%clk
01:13:59]} {[%emt 00:00:32]} Qd6 {[%clk 00:11:51]} {[%emt 00:04:28]} 37. Qf5
{[%clk 01:14:01]} {[%emt 00:00:28]} Qe7 {[%clk 00:10:59]} {[%emt 00:01:20]} 38.
a3 {[%clk 01:13:40]} {[%emt 00:00:54]} Qd6 {[%clk 00:04:14]} {[%emt 00:07:14]}
39. Qh3 {[%clk 01:13:35]} {[%emt 00:00:34]} Qc6 {[%clk 00:00:59]} {[%emt
00:03:45]} 40. Qh5 {[%clk 01:13:24]} {[%emt 00:00:42]} Qg6 {[%clk 00:01:20]}
{[%emt 00:00:09]} 41. Qh4 {[%clk 01:13:14]} {[%emt 00:00:41]} Qe6 {[%clk
00:01:16]} {[%emt 00:00:33]} 42. Qe4 {[%clk 01:12:59]} {[%emt 00:00:44]} Qd6
{[%clk 00:01:06]} {[%emt 00:00:39]} 43. Qa8 {[%clk 01:11:37]} {[%emt 00:01:53]}
Kf7 {[%clk 00:00:35]} {[%emt 00:01:01]} 44. Qh8 {[%clk 01:11:49]} {[%emt
00:00:18]} Kg6 {[%clk 00:00:46]} {[%emt 00:00:17]} 45. Qg8+ {[%clk 01:12:02]}
{[%emt 00:00:20]} Kf5 {[%clk 00:00:37]} {[%emt 00:00:36]} 46. Qxh7+ {[%clk
01:12:01]} {[%emt 00:00:35]} Kxg5 {[%clk 00:01:01]} {[%emt 00:00:06]} 47. Qe4
{[%clk 01:12:14]} {[%emt 00:00:16]} Kf6 {[%clk 00:00:32]} {[%emt 00:00:58]} 48.
b4 {[%clk 01:12:19]} {[%emt 00:00:27]} axb4 {[%clk 00:00:50]} {[%emt 00:00:12]}
49. cxb4 {[%clk 01:12:30]} {[%emt 00:00:18]} cxb4 {[%clk 00:30:05]} {[%emt
00:01:16]} 50. axb4 {[%clk 01:42:48]} {[%emt 00:00:11]} b5 {[%clk 00:25:39]}
{[%emt 00:04:55]} 51. Kc3 {[%clk 01:42:23]} {[%emt 00:00:56]} Qc7+ {[%clk
00:25:52]} {[%emt 00:00:17]} 52. Kd2 {[%clk 01:42:37]} {[%emt 00:00:16]} Qd6+
{[%clk 00:26:01]} {[%emt 00:00:18]} 53. Ke2 {[%clk 01:42:21]} {[%emt 00:00:49]}
Qc7 {[%clk 00:25:40]} {[%emt 00:00:49]} 54. Qd3 {[%clk 01:42:20]} {[%emt
00:00:33]} Qb6 {[%clk 00:25:35]} {[%emt 00:00:28]} 55. Qe3 {[%clk 01:42:33]}
{[%emt 00:00:24]} Qc7 {[%emt 00:02:03]} 56. Qh6+ {[%emt 00:00:59]} Kf5 {[%clk
00:22:42]} {[%emt 00:00:19]} 57. Qf8+ {[%clk 01:42:40]} {[%emt 00:00:25]} Kg5
{[%clk 00:22:48]} {[%emt 00:00:18]} 58. Qc5 {[%clk 01:42:07]} {[%emt 00:01:09]}
Qb8 {[%clk 00:22:47]} {[%emt 00:00:27]} 59. c4 {[%clk 01:41:56]} {[%emt
00:00:46]} bxc4 {[%clk 00:22:52]} {[%emt 00:00:25]} 60. Qxc4 {[%clk 01:42:16]}
{[%emt 00:00:09]} Kf6 {[%clk 00:23:06]} {[%emt 00:00:17]} 61. b5 {[%clk
01:41:41]} {[%emt 00:01:05]} Ke7 {[%clk 00:23:08]} {[%emt 00:00:23]} 62. Qc6
{[%clk 01:41:50]} {[%emt 00:00:26]} Qa7 {[%clk 00:22:58]} {[%emt 00:00:37]} 63.
Kd3 {[%clk 01:41:29]} {[%emt 00:00:54]} Qd4+ {[%clk 00:23:19]} {[%emt
00:00:08]} 64. Ke2 {[%clk 01:41:39]} {[%emt 00:00:20]} Qb2+ {[%clk 00:23:40]}
{[%emt 00:00:09]} 65. Kf1 {[%clk 01:42:02]} {[%emt 00:00:07]} Qa1+ {[%clk
00:23:41]} {[%emt 00:00:30]} 66. Kg2 {[%clk 01:42:15]} {[%emt 00:00:16]} Qa2+
{[%clk 00:23:42]} {[%emt 00:00:29]} 67. Kh3 {[%clk 01:42:09]} {[%emt 00:00:35]}
Qg8 {[%clk 00:23:17]} {[%emt 00:00:55]} 68. Qc7+ {[%clk 01:42:10]} {[%emt
00:00:30]} Kf6 {[%clk 00:23:30]} {[%emt 00:00:16]} 69. Qd6+ {[%clk 01:42:13]}
{[%emt 00:00:28]} Kf5 {[%clk 00:23:19]} {[%emt 00:00:41]} 70. Qd7+ {[%clk
01:41:52]} {[%emt 00:00:52]} Kf6 {[%clk 00:23:06]} {[%emt 00:00:32]} 71. Qg4
{[%emt 00:00:56]} Qb3 {[%clk 00:22:19]} {[%emt 00:00:52]} 72. Qh4+ {[%clk
01:42:02]} {[%emt 00:00:29]} Ke6 {[%clk 00:22:27]} {[%emt 00:00:19]} 73. Qh6+
{[%clk 01:42:17]} {[%emt 00:00:18]} Kd5 {[%clk 00:22:32]} {[%emt 00:00:24]} 74.
Qc6+ {[%clk 01:42:35]} {[%emt 00:00:13]} Kd4 {[%clk 00:22:50]} {[%emt
00:00:12]} 75. Qd6+ {[%clk 01:42:26]} {[%emt 00:00:39]} Qd5 {[%emt 00:01:34]}
76. Qxd5+ {[%emt 00:00:13]} Kxd5 {[%clk 00:21:29]} {[%emt 00:00:05]} 77. Kg4
{[%emt 00:01:06]} 1-0